01294 2200397 4500001002100000005001500021007000300036008004100039020002200080035002000102040001700122041000800139082001000147084001600157090002000173100002300193245014400216250001600360260003400376300006500410500003200475650001700507700003600524700003300560700002900593700003000622700002800652700003700680700003800717700003500755850001000790990002400800990002400824990002400848990002400872INLIS00000000000245920260602074524ta260602 0  a978-602-425-083-6 a0010-0220000310 aSBPUPADbind aind a332.1 a332.1 DAR p a332.1 DAR p 3-50 aDarsono, Ali Sakti1 aPerbankan Syariah Di Indonesia :bKelembagaan dan kebijakan Serta Tantangan ke Depan /cDarsono, Ali Sakti, Editor: Muhammad Syafii Antonio aEd.1, Cet.2 aDepok :bRajawali Pers,c2017 axlviii, 413 hlm. :bilus. ;c23 CmeBibliografi, hlm 415-422 aBiodata Penulis Hlm 443-450 4aIlmu Ekonomi0 aEditor: Muhammad Syafii Antonio0 aPengarang ke-2, Siti Astiyah0 aPengarang ke-3, Harisman0 aPengarang ke-4, Ali Sakti0 aPengarang ke-5, Ascarya0 aPengarang ke-6, Androecia Darwis0 aPengarang ke-7, Enny Tin Suryanti0 aPengarang ke-8, Siti Rahmawati aPUPAD a32.706/DAK/DPK/2019 a32.707/DAK/DPK/2019 a32.708/DAK/DPK/2019 a32.709/DAK/DPK/2019